000 00380cam a2200169 4500
001 D14384
008 090401t1930 xxu||||| |||| 00| 0 eng d
035 _a(Sirsi) u15291
041 _aeng
100 _aWatson, William E
245 _aWatson on contracts
260 _aLondon
_bButterworths
_c1930
350 _a0
520 _aShelf 136
942 _n0
948 _c04/03/1997
999 _c87271
_d87271